[Event "Bad Woerishofen"]
[Site "?"]
[Date "2002.??.??"]
[Round "3"]
[White "Pirrot, Dieter"]
[Black "Maugg, Ludwig"]
[Result "1-0"]
[WhiteElo "2436"]
[BlackElo "2138"]
[Annotator "ChessOrg"]
[PlyCount "85"]
[EventDate "2002.??.??"]

1. e4 c5 2. c3 d6 3. d4 Nf6 4. Bd3 Nc6 5. Nf3 e5 6. d5 Ne7 7. h3 Ng6 8. g3 a6
9. c4 Be7 10. Nc3 O-O 11. Be3 Rb8 12. Nd2 Re8 13. Qc2 Bd7 14. O-O-O b5 15. Rdg1
b4 16. Nd1 a5 17. Be2 Qc8 18. f4 a4 19. Qb1 exf4 20. gxf4 Bf8 21. Nf2 a3 22. b3
Qd8 23. Rg3 Bc8 24. h4 Nd7 25. h5 Ne7 26. Rhg1 Kh8 27. Qa1 f6 28. Ng4 Ng8 29.
Bd3 Qe7 30. f5 Ne5 31. Nxe5 Qxe5 32. Qxe5 fxe5 33. Nf3 Nf6 34. Rh1 Rb7 35. h6
gxh6 36. Bxh6 Bxh6+ 37. Rxh6 Rf7 38. Nh4 Rg8 39. Ng6+ Kg7 40. Nxe5+ Kxh6 41.
Nxf7+ Kh5 42. Rxg8 Nxg8 43. Nxd6 1-0

[Event "Bad Woerishofen"]
[Site "?"]
[Date "2002.??.??"]
[Round "3"]
[White "Marin, Mihail"]
[Black "Himmel, Hansjoerg"]
[Result "1-0"]
[WhiteElo "2551"]
[BlackElo "2238"]
[Annotator "ChessOrg"]
[PlyCount "65"]
[EventDate "2002.??.??"]

1. c4 Nf6 2. Nc3 e5 3. Nf3 Nc6 4. g3 Bb4 5. Nd5 a5 6. Bg2 O-O 7. O-O d6 8. d3
Nxd5 9. cxd5 Ne7 10. d4 exd4 11. Nxd4 Nf5 12. Nc2 Bc5 13. b3 Bd7 14. Bb2 Re8
15. Qd2 Bb5 16. Rfe1 Nh6 17. h3 Bd7 18. Rad1 Qe7 19. Bc3 Bb6 20. e4 f6 21. Kh2
a4 22. b4 Qf7 23. Bd4 Bxd4 24. Nxd4 Rad8 25. Rc1 Bc8 26. Qc2 Re7 27. Qxa4 Rde8
28. Qb3 f5 29. Ne6 fxe4 30. Rxe4 Qxf2 31. Rf1 Qd2 32. Qf3 Rf7 33. Ng5 1-0

[Event "Bad Woerishofen"]
[Site "?"]
[Date "2002.??.??"]
[Round "3"]
[White "Nevednichy, Vladislav"]
[Black "Seifert, Volker"]
[Result "1-0"]
[WhiteElo "2569"]
[BlackElo "2261"]
[Annotator "ChessOrg"]
[PlyCount "61"]
[EventDate "2002.??.??"]

1. e4 e6 2. d3 d5 3. Nd2 c5 4. g3 Nc6 5. Bg2 Nf6 6. Ngf3 Be7 7. O-O O-O 8. Re1
b5 9. e5 Nd7 10. h4 a5 11. Nf1 b4 12. N1h2 Ba6 13. h5 a4 14. h6 g6 15. Bf4 a3
16. b3 Rc8 17. Qd2 c4 18. d4 cxb3 19. cxb3 Na7 20. Bg5 Bxg5 21. Nxg5 Qe7 22.
Ng4 Rc3 23. Qf4 Bd3 24. Rad1 Nb5 25. Ne3 Nb6 26. Rd2 Rfc8 27. Kh2 Qf8 28. Bh3
Bf5 29. Bxf5 gxf5 30. Nf3 Qe7 31. g4 1-0

[Event "Bad Woerishofen"]
[Site "?"]
[Date "2002.??.??"]
[Round "3"]
[White "Erenska, Hanna"]
[Black "Guenther, Thomas"]
[Result "1-0"]
[WhiteElo "2252"]
[BlackElo "2101"]
[Annotator "ChessOrg"]
[PlyCount "91"]
[EventDate "2002.??.??"]

1. e4 c5 2. Nf3 Nc6 3. Bb5 d6 4. Bxc6+ bxc6 5. O-O Bg4 6. d3 e6 7. h3 Bxf3 8.
Qxf3 Ne7 9. b3 Ng6 10. Bb2 Qg5 11. Na3 Be7 12. Nc4 O-O 13. Rfe1 d5 14. exd5
cxd5 15. Ne5 Bd6 16. Nxg6 Qxg6 17. Be5 Be7 18. Re2 Rac8 19. c4 Rfd8 20. Qg3
Qxg3 21. Bxg3 dxc4 22. dxc4 Rd3 23. f3 Bf6 24. Rb1 Bd4+ 25. Kf1 g6 26. Rc2 Rd8
27. Bc7 Rd7 28. Ba5 Be3 29. Be1 Bg5 30. b4 cxb4 31. Rxb4 Bf6 32. c5 Rc7 33. c6
Rd6 34. Rbc4 Bd4 35. a4 e5 36. Ke2 f6 37. Bb4 Re6 38. Kd3 Bg1 39. Ke4 Bd4 40.
Kd5 Kf7 41. Bd6 Rc8 42. c7 Bb6 43. Rb2 Rce8 44. Rb5 Bd4 45. a5 g5 46. Rb8 1-0

[Event "Bad Woerishofen"]
[Site "?"]
[Date "2002.??.??"]
[Round "3"]
[White "Sailer, Wolfgang"]
[Black "Dittmar, Peter"]
[Result "0-1"]
[WhiteElo "2167"]
[BlackElo "2330"]
[Annotator "ChessOrg"]
[PlyCount "62"]
[EventDate "2002.??.??"]

1. d4 Nf6 2. c4 e6 3. g3 d5 4. Bg2 dxc4 5. Nf3 Nc6 6. O-O a6 7. Nc3 Rb8 8. e4
Be7 9. d5 Nb4 10. Ne5 exd5 11. exd5 Bf5 12. a3 Nd3 13. Nxc4 Nxc1 14. Rxc1 O-O
15. h3 Re8 16. Qf3 Bg6 17. b4 Bd6 18. Rfe1 Qd7 19. Re3 Re7 20. Rxe7 Qxe7 21.
Nxd6 cxd6 22. Qf4 Nd7 23. Ne4 Ne5 24. Qe3 Bxe4 25. Bxe4 b5 26. f4 Ng6 27. Qd3
Re8 28. Bxg6 hxg6 29. Kf2 g5 30. fxg5 Qxg5 31. Re1 Qf6+ 0-1

[Event "Bad Woerishofen"]
[Site "?"]
[Date "2002.??.??"]
[Round "3"]
[White "Kunin, Vitaly"]
[Black "Hornung, Hans"]
[Result "1-0"]
[WhiteElo "2424"]
[BlackElo "2173"]
[Annotator "ChessOrg"]
[PlyCount "99"]
[EventDate "2002.??.??"]

1. d4 g6 2. c4 Bg7 3. Nc3 d6 4. e4 c6 5. h3 Nd7 6. Nf3 e5 7. d5 c5 8. Bd3 Ne7
9. g4 h5 10. Rg1 Nf6 11. Ng5 hxg4 12. hxg4 Rh4 13. f3 Neg8 14. Qe2 Bd7 15. Be3
Qe7 16. Qd2 O-O-O 17. a3 Nh6 18. Qf2 Rh8 19. Qxh4 Nhxg4 20. Qxh8+ Bxh8 21. fxg4
Nxg4 22. Bd2 Bf6 23. Nf3 Bh4+ 24. Ke2 f5 25. b4 Bf2 26. Bg5 Qf8 27. Rh1 Bd4 28.
Rac1 Nf6 29. Rh4 Nh5 30. Kd2 Ng3 31. Nxd4 exd4 32. Ne2 fxe4 33. Rf4 e3+ 34. Kc2
Nf5 35. Rh1 a6 36. Rf3 b5 37. Rfh3 bxc4 38. Rh8 cxd3+ 39. Kxd3 Bb5+ 40. Ke4
Qxh8 41. Rxh8+ Kd7 42. Nf4 e2 43. Rh7+ Kc8 44. Nxe2 Bxe2 45. bxc5 dxc5 46. Ke5
Bb5 47. d6 c4 48. Rc7+ Kb8 49. d7 Bxd7 50. Rxd7 1-0

[Event "Bad Woerishofen"]
[Site "?"]
[Date "2002.??.??"]
[Round "3"]
[White "Becker, Thomas"]
[Black "Khurtsidze, Nino"]
[Result "1/2-1/2"]
[WhiteElo "2181"]
[BlackElo "2434"]
[Annotator "ChessOrg"]
[PlyCount "82"]
[EventDate "2002.??.??"]

1. e4 c5 2. d3 Nc6 3. g3 e6 4. Bg2 d6 5. Nf3 Nf6 6. O-O Be7 7. c3 O-O 8. Qe2
Bd7 9. d4 cxd4 10. cxd4 d5 11. Nc3 dxe4 12. Nxe4 Nxe4 13. Qxe4 Nb4 14. Ne5 Nd5
15. a4 Rc8 16. Bd2 b6 17. b3 Bc6 18. Nxc6 Rxc6 19. Rfc1 Rxc1+ 20. Rxc1 Bf6 21.
Rc4 Qd6 22. Qc2 Rd8 23. h3 g5 24. Qd1 h6 25. h4 b5 26. axb5 Nb6 27. hxg5 Nxc4
28. gxf6 Qxd4 29. bxc4 Qxd2 30. Qg4+ Qg5 31. Qf3 Qf5 32. Qe3 Rd1+ 33. Kh2 Qxf6
34. Qxa7 h5 35. Qe3 Qb2 36. b6 h4 37. b7 h3 38. Qg5+ Kf8 39. Qh6+ Ke7 40. Qg5+
Kd7 41. Kxh3 Qh8+ 1/2-1/2

[Event "Bad Woerishofen"]
[Site "?"]
[Date "2002.??.??"]
[Round "3"]
[White "Kunz, Konstantin"]
[Black "Hoennekes, Klaus"]
[Result "1-0"]
[WhiteElo "2201"]
[BlackElo "2072"]
[Annotator "ChessOrg"]
[PlyCount "95"]
[EventDate "2002.??.??"]

1. d4 Nf6 2. c4 e6 3. Nf3 b6 4. a3 Bb7 5. Nc3 d5 6. Bg5 Be7 7. Qa4+ c6 8. Bxf6
Bxf6 9. cxd5 exd5 10. Rd1 O-O 11. g3 Re8 12. Bg2 Nd7 13. O-O a5 14. Rfe1 b5 15.
Qc2 Nb6 16. a4 b4 17. Nb1 Ba6 18. b3 Rc8 19. e3 Nd7 20. Qd2 Nb6 21. Rc1 Rc7 22.
Rc5 Be7 23. Rxa5 Bb7 24. Rc1 Bd6 25. Ne5 Nc8 26. Nd3 Rce7 27. Rac5 Bxc5 28.
Rxc5 h5 29. Nxb4 Qd6 30. h4 Nb6 31. Nd3 Ba6 32. Nf4 Nd7 33. Ra5 Nb8 34. Qc3 g6
35. Nd2 Bc8 36. Rc5 Bd7 37. Bf1 Bg4 38. b4 Qf6 39. b5 g5 40. hxg5 Qxg5 41. bxc6
Nxc6 42. Nxd5 Nd8 43. Nxe7+ Qxe7 44. Re5 Qf8 45. Qc5 Ne6 46. Qxf8+ Kxf8 47. f3
f6 48. Ra5 1-0

[Event "Bad Woerishofen"]
[Site "?"]
[Date "2002.??.??"]
[Round "3"]
[White "Rueberg, Jobst"]
[Black "Dany, Sebastian"]
[Result "1-0"]
[WhiteElo "2295"]
[BlackElo "2090"]
[Annotator "ChessOrg"]
[PlyCount "83"]
[EventDate "2002.??.??"]

1. e4 c5 2. Nf3 e6 3. c4 Nc6 4. Nc3 Nf6 5. d4 cxd4 6. Nxd4 Bb4 7. Nxc6 dxc6 8.
Qxd8+ Kxd8 9. f3 Bxc3+ 10. bxc3 e5 11. Ba3 Kc7 12. O-O-O Ne8 13. g3 Be6 14. Be7
b6 15. Be2 Kb7 16. f4 f6 17. f5 Bc8 18. Rd8 Bxf5 19. exf5 Rxd8 20. Bxd8 Nd6 21.
Be7 Nxf5 22. Ba3 c5 23. Rd1 Kc7 24. g4 Ne3 25. Rg1 f5 26. gxf5 Nxf5 27. Bd3 g6
28. Bxf5 gxf5 29. Rg5 Rf8 30. Rg7+ Kd6 31. Rxh7 Rf6 32. Kd1 f4 33. Bc1 e4 34.
Ke1 a6 35. Ke2 e3 36. Kf3 b5 37. Ra7 Ke5 38. cxb5 axb5 39. c4 Rb6 40. Re7+ Kd6
41. Rf7 Ke5 42. Bb2+ 1-0

[Event "Bad Woerishofen"]
[Site "?"]
[Date "2002.??.??"]
[Round "3"]
[White "Bintakies, Michael"]
[Black "Geuss, Paul"]
[Result "1-0"]
[WhiteElo "2188"]
[BlackElo "2068"]
[Annotator "ChessOrg"]
[PlyCount "53"]
[EventDate "2002.??.??"]

1. d4 Nf6 2. Nf3 e6 3. Bg5 b6 4. e3 Bb7 5. Nbd2 Be7 6. Bd3 O-O 7. c3 c5 8. Qe2
Nc6 9. Bxf6 Bxf6 10. h4 g6 11. h5 d5 12. hxg6 hxg6 13. O-O-O e5 14. dxe5 Nxe5
15. Nxe5 Bxe5 16. f4 Bg7 17. f5 Qg5 18. Nf3 Qf6 19. fxg6 fxg6 20. Nh4 Qf2 21.
Qg4 Rf6 22. Nxg6 Re8 23. Nh4 Qxe3+ 24. Kb1 Qf4 25. Bh7+ Kf8 26. Ng6+ Rxg6 27.
Qxf4+ 1-0

[Event "Bad Woerishofen"]
[Site "?"]
[Date "2002.??.??"]
[Round "3"]
[White "Marian, Marc"]
[Black "Werner, Clemens"]
[Result "0-1"]
[WhiteElo "2137"]
[BlackElo "2393"]
[Annotator "ChessOrg"]
[PlyCount "82"]
[EventDate "2002.??.??"]

1. e4 c5 2. b3 Nf6 3. e5 Nd5 4. Bb2 e6 5. Nf3 Be7 6. c4 Nc7 7. d4 d5 8. exd6
Qxd6 9. Nc3 cxd4 10. Qxd4 Qxd4 11. Nxd4 Bf6 12. O-O-O Nc6 13. Nxc6 bxc6 14. Ne4
Bxb2+ 15. Kxb2 Ke7 16. g3 Na6 17. Bg2 Bd7 18. Rd2 Rac8 19. Rhd1 Rc7 20. f4 Rb8
21. Ng5 Nc5 22. Nf3 a5 23. Ne5 Be8 24. Nd3 Nxd3+ 25. Rxd3 c5 26. Kc3 Rd7 27.
Rxd7+ Bxd7 28. a3 Rb6 29. Rd2 h5 30. Rb2 h4 31. b4 hxg3 32. hxg3 e5 33. b5 Rg6
34. Kd3 Rxg3+ 35. Ke4 Bc8 36. Kd5 Rxg2 37. Rb1 exf4 38. Kc6 f3 39. Kc7 Bf5 40.
Rf1 f2 41. b6 Be4 0-1

[Event "Bad Woerishofen"]
[Site "?"]
[Date "2002.??.??"]
[Round "3"]
[White "Damm, Fabian"]
[Black "Buchner, Rudolf"]
[Result "1/2-1/2"]
[WhiteElo "2132"]
[BlackElo "2296"]
[Annotator "ChessOrg"]
[PlyCount "166"]
[EventDate "2002.??.??"]

1. d4 Nf6 2. c4 g6 3. Nc3 d5 4. Qb3 dxc4 5. Qxc4 a6 6. Nf3 b5 7. Qb3 Be6 8. Qc2
Bg7 9. e4 O-O 10. Be2 Bc8 11. Be3 Bb7 12. Nd2 Nc6 13. Nb3 Nd7 14. O-O e6 15.
Rfd1 Qh4 16. Bf3 Rad8 17. Qc1 h6 18. e5 Rb8 19. Ne2 Nd8 20. Qxc7 Bxf3 21. gxf3
Rb7 22. Qc2 Nb6 23. Nc5 Ra7 24. Qe4 Qe7 25. Rac1 Nd5 26. Nc3 Nxe3 27. fxe3 f5
28. Qd3 Bxe5 29. Nxb5 Bxh2+ 30. Kxh2 axb5 31. a3 Nf7 32. Rh1 Kh7 33. Qxb5 f4
34. exf4 Qd6 35. Qd3 Qxf4+ 36. Kg2 Ng5 37. Rc3 Raf7 38. Rf1 Rd8 39. Qe3 Qf6 40.
Rd3 Rd5 41. b4 Rf5 42. a4 Qd8 43. a5 Qb8 44. Qd2 Nh3 45. Rh1 Rg5+ 46. Kf1 Qg3
47. Qh2 Rxf3+ 48. Rxf3 Qxf3+ 49. Ke1 Qe3+ 50. Kd1 Qxd4+ 51. Kc2 Qc4+ 52. Kb2
Qxb4+ 53. Nb3 Qb7 54. Qxh3 Rh5 55. Qxe6 Rxh1 56. a6 Qg7+ 57. Kc2 Rh2+ 58. Kd3
Ra2 59. Nc5 Ra3+ 60. Ke4 h5 61. Nd7 Ra4+ 62. Kf3 Rxa6 63. Qxa6 Qxd7 64. Ke3 Qf5
65. Qa7+ Kh6 66. Kd2 h4 67. Kd1 Qf3+ 68. Kc2 h3 69. Qb8 Qg2+ 70. Kd3 h2 71.
Qh8+ Kg5 72. Qe5+ Kh4 73. Qh8+ Kg3 74. Qb8+ Kf2 75. Qb6+ Kg3 76. Qb8+ Kh3 77.
Qh8+ Kg4 78. Qd4+ Kf3 79. Qe4+ Kf2 80. Qe3+ Kf1 81. Qf4+ Kg1 82. Qd4+ Kh1 83.
Qa1+ Qg1 1/2-1/2

[Event "Bad Woerishofen"]
[Site "?"]
[Date "2002.??.??"]
[Round "3"]
[White "Heinig, Wolfram"]
[Black "Bartels, Holger"]
[Result "1-0"]
[WhiteElo "2287"]
[BlackElo "2133"]
[Annotator "ChessOrg"]
[PlyCount "107"]
[EventDate "2002.??.??"]

1. d4 d5 2. c4 e6 3. Nf3 Nf6 4. g3 Be7 5. Bg2 c6 6. Qc2 Nbd7 7. O-O O-O 8. b3
b6 9. Nc3 Bb7 10. Bb2 Qc7 11. Rad1 Rfe8 12. e4 dxe4 13. Nxe4 Nxe4 14. Qxe4 Nf6
15. Qe2 c5 16. dxc5 Bxc5 17. Bxf6 gxf6 18. Ne1 Bxg2 19. Nxg2 Rad8 20. Nf4 Qe5
21. Qg4+ Qg5 22. Qf3 f5 23. Qc6 Qe7 24. Kg2 Rxd1 25. Rxd1 Rd8 26. Rd3 Rxd3 27.
Nxd3 Bd4 28. b4 Kg7 29. c5 bxc5 30. bxc5 e5 31. Qd5 Qc7 32. f4 f6 33. c6 Kf8
34. fxe5 fxe5 35. Qe6 f4 36. Qf6+ Ke8 37. gxf4 Qa5 38. Qe6+ Kf8 39. Nxe5 Qd2+
40. Kf3 Qe3+ 41. Kg4 Qe2+ 42. Kg5 Bxe5 43. Qf5+ Kg8 44. Qc8+ Kg7 45. Qb7+ Kf8
46. Qa8+ Ke7 47. Qxa7+ Kd6 48. Qd7+ Kc5 49. fxe5 Qe3+ 50. Kf6 Qh6+ 51. Ke7 Qg5+
52. Kf8 Qh6+ 53. Kg8 Qg6+ 54. Kh8 1-0

[Event "Bad Woerishofen"]
[Site "?"]
[Date "2002.??.??"]
[Round "3"]
[White "Loew, Gerald"]
[Black "Baeuml, Ulrich"]
[Result "1/2-1/2"]
[WhiteElo "2260"]
[BlackElo "2098"]
[Annotator "ChessOrg"]
[PlyCount "72"]
[EventDate "2002.??.??"]

1. c4 e5 2. g3 Nc6 3. Bg2 g6 4. Nc3 d6 5. e4 Be6 6. d3 Nd4 7. Nge2 Bg7 8. Nxd4
exd4 9. Ne2 Ne7 10. O-O O-O 11. h3 c6 12. Nf4 d5 13. cxd5 cxd5 14. Nxe6 fxe6
15. Qb3 Qd7 16. Bg5 dxe4 17. Bxe4 Nd5 18. Rfe1 Qf7 19. Re2 h6 20. Bd2 Rad8 21.
Rc1 Rd6 22. a4 Kh7 23. h4 Nf6 24. Bg2 Rb6 25. Qa2 e5 26. Qxf7 Rxf7 27. b4 Re6
28. Rc5 Rfe7 29. Bh3 Rc6 30. Rcxe5 Rxe5 31. Rxe5 Rc2 32. Be1 Rc1 33. Kg2 Rd1
34. Re7 Nd5 35. Re8 Rxd3 36. h5 Rd1 1/2-1/2

[Event "Bad Woerishofen"]
[Site "?"]
[Date "2002.??.??"]
[Round "3"]
[White "Dreesen, Jan"]
[Black "Hermann, Manfred"]
[Result "1-0"]
[WhiteElo "2137"]
[BlackElo "2340"]
[Annotator "ChessOrg"]
[PlyCount "105"]
[EventDate "2002.??.??"]

1. d4 d5 2. Nf3 Nf6 3. Bg5 c6 4. e3 Bg4 5. Nbd2 Ne4 6. Bh4 Nxd2 7. Qxd2 Bxf3 8.
gxf3 Qb6 9. Bg2 Qxb2 10. O-O Qb6 11. Rab1 Qc7 12. c4 dxc4 13. Rfc1 e6 14. Bg3
Qc8 15. Rxc4 Nd7 16. e4 Nb6 17. Rc2 Qd7 18. a4 Rd8 19. a5 Nc8 20. d5 b5 21.
Rcc1 c5 22. Qb2 a6 23. Bh3 Qe7 24. dxe6 fxe6 25. Qe5 Na7 26. Rd1 Rxd1+ 27. Rxd1
Nc6 28. Qxe6 Qxe6 29. Bxe6 Nd4 30. Bc8 Be7 31. Bxa6 O-O 32. Bb7 Rxf3 33. a6 Ra3
34. Bb8 Nf3+ 35. Kh1 c4 36. a7 c3 37. a8=Q Rxa8 38. Bxa8 Bg5 39. Bd5+ Kh8 40.
Bb3 Nd2 41. Rxd2 Bxd2 42. Kg2 h5 43. f4 Kh7 44. f5 Kh6 45. Kf3 g5 46. f6 g4+
47. Ke2 Bg5 48. Be5 b4 49. f7 Be7 50. Bf6 Bf8 51. e5 Kg6 52. Bh4 Bh6 53. e6 1-0

[Event "Bad Woerishofen"]
[Site "?"]
[Date "2002.??.??"]
[Round "3"]
[White "Schmitzer, Peter"]
[Black "Kroencke, Manfred"]
[Result "1/2-1/2"]
[WhiteElo "2095"]
[BlackElo "2197"]
[Annotator "ChessOrg"]
[PlyCount "88"]
[EventDate "2002.??.??"]

1. d4 d5 2. Nf3 Nf6 3. c4 e6 4. e3 Be7 5. Nc3 O-O 6. Be2 b6 7. cxd5 exd5 8. O-O
Bb7 9. Bd2 c5 10. Rc1 Nbd7 11. Be1 Bd6 12. Nb5 Bb8 13. dxc5 bxc5 14. b4 a6 15.
bxc5 axb5 16. c6 Bc8 17. cxd7 Bxd7 18. Qb3 Bd6 19. Bxb5 Ra3 20. Qb1 Bg4 21. Bb4
Bxb4 22. Qxb4 Rxa2 23. Ne5 Qa5 24. Qxa5 Rxa5 25. Nxg4 Nxg4 26. Be2 Nf6 27. Bf3
Rd8 28. Rfd1 Kf8 29. Rd4 Ke7 30. Rcd1 Rd7 31. h4 h5 32. R1d2 g6 33. Kh2 Rc5 34.
Kg3 Ra5 35. Kf4 Rc5 36. Ke5 Ra5 37. Bxd5 Nxd5 38. Rxd5 Rdxd5+ 39. Rxd5 Ra2 40.
f4 f6+ 41. Ke4 Rxg2 42. Ra5 Rh2 43. Ra7+ Ke6 44. Ra6+ Ke7 1/2-1/2

[Event "Bad Woerishofen"]
[Site "?"]
[Date "2002.??.??"]
[Round "3"]
[White "Oberhofer, Max"]
[Black "Neubauer, Ralf"]
[Result "1-0"]
[WhiteElo "2223"]
[BlackElo "2030"]
[Annotator "ChessOrg"]
[PlyCount "55"]
[EventDate "2002.??.??"]

1. d4 d5 2. c4 dxc4 3. Nf3 Nf6 4. e3 Bg4 5. Bxc4 e6 6. Nc3 Nbd7 7. e4 Bxf3 8.
gxf3 Nb6 9. Be2 Qd7 10. Be3 Be7 11. Rg1 g6 12. Qb3 O-O-O 13. a4 Kb8 14. a5 Nc8
15. Rc1 c6 16. Na4 Qc7 17. a6 b5 18. Kf1 Qa5 19. Nc3 Qxa6 20. Kg2 Qa5 21. Ra1
Qb4 22. Qa2 Rd7 23. Rgc1 Rhd8 24. Qa6 Qxb2 25. Nxb5 cxb5 26. Bxb5 Rb7 27. Bf4+
Ka8 28. Rcb1 1-0

[Event "Bad Woerishofen"]
[Site "?"]
[Date "2002.??.??"]
[Round "3"]
[White "Lomer, Edmund"]
[Black "Hofmann, Juergen"]
[Result "0-1"]
[WhiteElo "2082"]
[BlackElo "2189"]
[Annotator "ChessOrg"]
[PlyCount "62"]
[EventDate "2002.??.??"]

1. Nf3 d5 2. d4 Nf6 3. g3 c5 4. Bg2 Nc6 5. O-O cxd4 6. Nxd4 e5 7. Nxc6 bxc6 8.
c4 Be7 9. Nc3 d4 10. Bxc6+ Bd7 11. Bxd7+ Qxd7 12. Na4 Rc8 13. b3 Qh3 14. f3 h5
15. Rf2 e4 16. Qf1 Qe6 17. fxe4 Nxe4 18. Rf4 Bd6 19. Rf3 h4 20. Bf4 hxg3 21.
hxg3 Bxf4 22. gxf4 Nd2 23. Qg2 Nxf3+ 24. Qxf3 Rh3 25. f5 Qh6 26. Qe4+ Kf8 27.
Qxd4 Qg5+ 28. Kf2 Rh2+ 29. Kf3 Qg2+ 30. Ke3 Qxe2+ 31. Kf4 Rh4+ 0-1

[Event "Bad Woerishofen"]
[Site "?"]
[Date "2002.??.??"]
[Round "3"]
[White "von Saldern, Ruediger"]
[Black "Keller, Manfred"]
[Result "1/2-1/2"]
[WhiteElo "2127"]
[BlackElo "2223"]
[Annotator "ChessOrg"]
[PlyCount "56"]
[EventDate "2002.??.??"]

1. d4 Nf6 2. Nf3 g6 3. Bg5 Bg7 4. Nbd2 c5 5. Bxf6 Bxf6 6. Ne4 Bxd4 7. Nxd4 cxd4
8. Qxd4 O-O 9. O-O-O Nc6 10. Qd2 f5 11. Nc3 e6 12. e4 fxe4 13. Nxe4 d5 14. Ng5
Qf6 15. f3 Bd7 16. h4 Rac8 17. h5 h6 18. Nh3 g5 19. Kb1 Ne5 20. Qb4 Rc6 21. Qa3
Rfc8 22. Rd2 Qf5 23. Bd3 Nxd3 24. Qxd3 Qxd3 25. cxd3 e5 26. Nf2 Kg7 27. g3 Kf6
28. Re1 Re8 1/2-1/2

[Event "Bad Woerishofen"]
[Site "?"]
[Date "2002.??.??"]
[Round "3"]
[White "Dintheer, Willi"]
[Black "Szenetra, Werner"]
[Result "0-1"]
[WhiteElo "2098"]
[BlackElo "2202"]
[Annotator "ChessOrg"]
[PlyCount "58"]
[EventDate "2002.??.??"]

1. e4 d6 2. d4 g6 3. Nf3 Bg7 4. c4 Bg4 5. Qa4+ c6 6. Be3 Nd7 7. Nbd2 e5 8. h3
Bxf3 9. Nxf3 exd4 10. Nxd4 Qe7 11. Qc2 Nc5 12. Bd3 f5 13. O-O f4 14. Nxc6 bxc6
15. Bxc5 dxc5 16. e5 Qe6 17. Be4 Ne7 18. Rfe1 O-O 19. Bf3 Nf5 20. Qe4 Nd4 21.
Bg4 Qe7 22. Rad1 Rae8 23. b4 Qxe5 24. Qxe5 Rxe5 25. Rxe5 Bxe5 26. bxc5 Kg7 27.
Rd2 f3 28. gxf3 h5 29. f4 hxg4 0-1

[Event "Bad Woerishofen"]
[Site "?"]
[Date "2002.??.??"]
[Round "3"]
[White "Erenska, Hanna"]
[Black "Guenther, Thomas"]
[Result "1-0"]
[WhiteElo "2252"]
[BlackElo "2101"]
[Annotator "ChessOrg"]
[PlyCount "91"]
[EventDate "2002.??.??"]

1. e4 c5 2. Nf3 Nc6 3. Bb5 d6 4. Bxc6+ bxc6 5. O-O Bg4 6. d3 e6 7. h3 Bxf3 8.
Qxf3 Ne7 9. b3 Ng6 10. Bb2 Qg5 11. Na3 Be7 12. Nc4 O-O 13. Rfe1 d5 14. exd5
cxd5 15. Ne5 Bd6 16. Nxg6 Qxg6 17. Be5 Be7 18. Re2 Rac8 19. c4 Rfd8 20. Qg3
Qxg3 21. Bxg3 dxc4 22. dxc4 Rd3 23. f3 Bf6 24. Rb1 Bd4+ 25. Kf1 g6 26. Rc2 Rd8
27. Bc7 Rd7 28. Ba5 Be3 29. Be1 Bg5 30. b4 cxb4 31. Rxb4 Bf6 32. c5 Rc7 33. c6
Rd6 34. Rbc4 Bd4 35. a4 e5 36. Ke2 f6 37. Bb4 Re6 38. Kd3 Bg1 39. Ke4 Bd4 40.
Kd5 Kf7 41. Bd6 Rc8 42. c7 Bb6 43. Rb2 Ree8 44. Rb5 Bd4 45. a5 g5 46. Rb8 1-0

[Event "Bad Woerishofen"]
[Site "?"]
[Date "2002.??.??"]
[Round "3"]
[White "Pitl, Jarno"]
[Black "Rahls, Peter"]
[Result "1/2-1/2"]
[WhiteElo "2073"]
[BlackElo "2254"]
[Annotator "ChessOrg"]
[PlyCount "129"]
[EventDate "2002.??.??"]

1. e4 c5 2. Nf3 e6 3. b3 d6 4. Bb2 Nf6 5. Bb5+ Bd7 6. Bxd7+ Nbxd7 7. d3 Be7 8.
O-O O-O 9. Nbd2 Ne8 10. Qe2 e5 11. Ne1 Bg5 12. g3 Bxd2 13. Qxd2 Nc7 14. Ng2 Re8
15. Rae1 b5 16. f4 a5 17. Ne3 Nf8 18. Qf2 f6 19. Ng4 Nd7 20. Qf3 Ne6 21. Rf2 a4
22. Ne3 Nd4 23. Qg4 Nf8 24. c3 Nc6 25. Nd5 Kh8 26. Ref1 Ra7 27. h4 Ne7 28. c4
Nxd5 29. cxd5 Qd7 30. f5 Rc8 31. Rc2 axb3 32. axb3 Rca8 33. Qe2 Qb7 34. g4 Qb6
35. Kg2 Qd8 36. Qf2 h6 37. Bc1 Nh7 38. Rh1 Kg8 39. Kf3 Ra1 40. Rg1 Qa5 41. g5
hxg5 42. hxg5 fxg5 43. Bxg5 Rxg1 44. Qxg1 Qa1 45. Qxa1 Nxg5+ 46. Kg4 Rxa1 47.
Kxg5 Rg1+ 48. Kh5 b4 49. Ra2 Rg3 50. Ra6 Rxd3 51. Rxd6 Rxb3 52. Rc6 Rc3 53. d6
Kf7 54. Rc7+ Kf6 55. Rc8 g6+ 56. fxg6 Rh3+ 57. Kg4 Rd3 58. Rxc5 Rxd6 59. g7
Kxg7 60. Rxe5 Rb6 61. Rc5 Kf6 62. Kf4 b3 63. Rc1 Ke6 64. Ke3 Ke5 65. Kd3
1/2-1/2

[Event "Bad Woerishofen"]
[Site "?"]
[Date "2002.??.??"]
[Round "3"]
[White "Grosser, Walter"]
[Black "Zach, Andreas"]
[Result "1/2-1/2"]
[WhiteElo "2077"]
[BlackElo "2277"]
[Annotator "ChessOrg"]
[PlyCount "145"]
[EventDate "2002.??.??"]

1. d4 d5 2. Nf3 c6 3. c4 Nf6 4. cxd5 cxd5 5. Nc3 Bf5 6. Qb3 Qb6 7. e3 Qxb3 8.
axb3 Nc6 9. Bb5 Bd7 10. Bd2 e6 11. Na4 Nb4 12. Bxd7+ Nxd7 13. Ke2 Nc6 14. Rhc1
a6 15. Ne1 Bd6 16. Nd3 Ke7 17. Ndc5 Nxc5 18. Nxc5 Bxc5 19. Rxc5 Rac8 20. Rac1
Kd7 21. f3 Na7 22. Kd3 Rxc5 23. Rxc5 Nc6 24. Rc1 Rc8 25. Ra1 f6 26. Bc3 e5 27.
Rd1 Kc7 28. Ra1 Kb6 29. Rd1 Kb5 30. Kc2 exd4 31. exd4 Re8 32. Kd2 f5 33. Rc1
Re6 34. Rf1 b6 35. Rf2 Na5 36. Kc2 Nc6 37. Kd2 Re8 38. Rf1 Re7 39. Ra1 Re6 40.
Kd3 Rh6 41. h3 Re6 42. Bd2 f4 43. Bxf4 Nb4+ 44. Kd2 Rc6 45. Kd1 Rc2 46. Bd2
Rxb2 47. Bxb4 Kxb4 48. Rxa6 Kb5 49. Ra7 Rxg2 50. h4 Kb4 51. Rd7 Kxb3 52. Rxd5
Kc4 53. Rd7 b5 54. d5 Kc5 55. Rb7 Kxd5 56. Rxb5+ Kd4 57. Ke1 Ke3 58. Kf1 Rf2+
59. Kg1 Rxf3 60. Kg2 Rf6 61. Kg3 Rg6+ 62. Kh3 Rg1 63. Rb3+ Kf4 64. Rb4+ Kf5 65.
Rb5+ Kg6 66. Rb6+ Kh5 67. Rb5+ Kh6 68. Rb6+ g6 69. Ra6 Rb1 70. Ra5 Rb4 71. Kg3
Rb1 72. Kh3 Rf1 73. Rb5 1/2-1/2

[Event "Bad Woerishofen"]
[Site "?"]
[Date "2002.??.??"]
[Round "3"]
[White "Grimm, Sven"]
[Black "Wissinger, Peter"]
[Result "1/2-1/2"]
[WhiteElo "2174"]
[BlackElo "1996"]
[Annotator "ChessOrg"]
[PlyCount "99"]
[EventDate "2002.??.??"]

1. d4 Nf6 2. Nf3 g6 3. Nc3 d5 4. Bf4 Bg7 5. e3 O-O 6. Be2 c6 7. Ne5 Nfd7 8.
Nxd7 Nxd7 9. h4 h6 10. Qd2 e5 11. dxe5 Nxe5 12. O-O-O Be6 13. Na4 Kh7 14. Nc5
Bc8 15. Nb3 Qe7 16. a3 b5 17. Qb4 Qf6 18. c3 Nc4 19. Bxc4 bxc4 20. Nd4 Re8 21.
Qd6 Qxd6 22. Bxd6 Bxd4 23. Rxd4 h5 24. b4 cxb3 25. Kb2 Ba6 26. Kxb3 Bc4+ 27.
Kb4 Re6 28. Kc5 Rd8 29. Bf4 Rd7 30. Rb1 Kg7 31. Rb8 Kh7 32. a4 Kg7 33. Rd2 Ba6
34. Rdb2 Kf6 35. R2b4 Kg7 36. Ra8 Bf1 37. g3 Bc4 38. Rc8 Kf6 39. Rxc6 Ke7 40.
Rb8 Rxc6+ 41. Kxc6 Ke6 42. Re8+ Re7 43. Rf8 Rd7 44. a5 a6 45. Re8+ Re7 46. Rb8
Kf5 47. f3 f6 48. Kc5 Be2 49. Ra8 Re6 50. c4 1/2-1/2

[Event "Bad Woerishofen"]
[Site "?"]
[Date "2002.??.??"]
[Round "3"]
[White "Jendel, Christian"]
[Black "Schiffer, Steve"]
[Result "1-0"]
[WhiteElo "2014"]
[BlackElo "2173"]
[Annotator "ChessOrg"]
[PlyCount "131"]
[EventDate "2002.??.??"]

1. c4 g6 2. Nc3 Bg7 3. d4 Nf6 4. e4 d6 5. f3 c6 6. Be3 Qc7 7. Qd2 a6 8. Bd3
Nbd7 9. Nge2 e5 10. O-O O-O 11. Rad1 Re8 12. b4 exd4 13. Nxd4 Ne5 14. Be2 c5
15. bxc5 dxc5 16. Nb3 Bf8 17. Bg5 Ned7 18. Bf4 Qc6 19. Rfe1 b6 20. Bf1 Ne5 21.
Nd5 Nh5 22. Bh6 Bg7 23. Bxg7 Kxg7 24. Qc3 Kg8 25. f4 Nd7 26. Be2 Nhf6 27. Bf3
Nxd5 28. cxd5 Qa4 29. e5 Ra7 30. Re4 Qa3 31. e6 fxe6 32. dxe6 Nf8 33. Bg4 Bxe6
34. Bxe6+ Rxe6 35. Rxe6 Nxe6 36. Qf6 Nf8 37. Qxb6 Rf7 38. Nxc5 Qe3+ 39. Kh1
Qxf4 40. Qxa6 Qe5 41. Qc4 Kg7 42. Ne4 Re7 43. Qc3 Qxc3 44. Nxc3 Rc7 45. Rc1 Ne6
46. a4 Nd4 47. Ne2 Rxc1+ 48. Nxc1 Kf6 49. Kg1 Ke5 50. Kf2 Nf5 51. Ne2 Kd5 52.
g4 Nd6 53. Ke3 Kc4 54. Kf4 Nf7 55. Ng1 Kb4 56. Nf3 h6 57. Ne5 Nd6 58. Nxg6 Kxa4
59. Ke5 Nf7+ 60. Kf6 Ng5 61. h4 Ne4+ 62. Kg7 Kb5 63. Kxh6 Kc5 64. Kg7 Kd6 65.
h5 Ng5 66. h6 1-0